| 000 | 00346 a2200157 4500 | ||
|---|---|---|---|
| 001 | 188433 | ||
| 020 | _a978-85-7865-022-3 | ||
| 040 | _cMagnum | ||
| 100 | _aVila, Martinho da | ||
| 240 | 1 | 0 |
_aA rainha da bateria _lpor |
| 245 | 1 | 0 | _aA rainha da bateria |
| 300 | _a24 | ||
| 362 | 0 | _a2009 | |
| 697 | _aLITERATURA INFANTO-JUVENIL | ||
| 942 | _cBK | ||
| 999 |
_c188433 _d188433 |
||